000 00811nmm a2200253 a 4500
001 ocm000702183
003 TR-IsHL
005 20201028135134.0
008 131203s2007 tu tur
007 cr cn
035 _a702183
_b(N$T)
050 0 4 _aPL230
_b.S6 2007
090 0 4 _aPL230
_b.S6 2007
245 1 0 _aSinbad'ın maceraları
_h[electronic resource] /
_ctashih Deniz Işık
260 _aİstanbul :
_bBirleşik Yayın Grubu,
_c2007
300 _a87 p.
650 4 _aDil ve Edebiyat
650 4 _aLanguage and Literature
650 0 _aÇocuk edebiyatı
650 0 _aChildren's literature
650 7 _aLITERARY CRITICISM / Children's Literature
_2bisacsh
700 1 _aIşık, Deniz
856 4 0 _uhttp://search.ebscohost.com/login.aspx?direct=true&scope=site&db=e011xww&AN=702183
999 _c6579
_d6579